|
|
|
|
| LEADER |
01195nam a2200349 4500 |
| 001 |
000009285 |
| 003 |
5481 |
| 005 |
20120302140336.0 |
| 008 |
111026s2001 viesd |
| 020 |
|
|
|c 45000đ
|
| 041 |
0 |
|
|a vie
|
| 082 |
|
|
|a 004.65
|b NG-H
|
| 100 |
0 |
|
|a Nguyễn Hạnh
|e Tác giả
|
| 245 |
|
0 |
|a Sử dụng Fax - Email - Internet ở Việt Nam
|b Sử dụng Internet Mail và Outlook Express 5. , truy cập internet Explorer4.0....
|c Nguyễn Hạnh
|
| 260 |
|
|
|a Tp.Hồ Chí Minh
|b Mũi Cà Mau
|c 2001
|
| 300 |
|
|
|a 469tr.
|b Hình ảnh
|c 19 cm
|
| 653 |
|
|
|a Sử dụng
|
| 653 |
|
|
|a Fax
|
| 653 |
|
|
|a Email
|
| 653 |
|
|
|a Internet
|
| 700 |
|
|
|a Nguyễn Hạnh
|e Tác giả
|
| 910 |
|
|
|a Đỗ Phú Quý
|d 26/10/2011
|
| OWN |
|
|
|a LSP
|
| AVA |
|
|
|a UDN50
|b LSP
|d 004.65 NG-H
|e available
|t Error 5001 Not defined in file expand_doc_bib_avail.
|f 8
|g 0
|h N
|i 1
|k 1
|
| 999 |
|
|
|a From the UDN01
|
| AVA |
|
|
|a UDN50
|b LSP
|d 004.65 NG-H
|e available
|t Error 5001 Not defined in file expand_doc_bib_avail.
|f 8
|g 0
|h N
|i 1
|k 1
|
| TYP |
|
|
|a Monograph
|
| TYP |
|
|
|a Printed language
|
| 980 |
|
|
|a Mạng thư viện Đại học Đà Nẵng
|